| 000 | 00785nam a2200241 a 4500 | ||
|---|---|---|---|
| 001 | 000039943 | ||
| 003 | DO-SdBNP | ||
| 005 | 20211004112804.0 | ||
| 007 | ta | ||
| 008 | 130731s 1983 sp a 000 0 spa d | ||
| 020 | _a8432221899 | ||
| 040 |
_aDO-SdBNP _bspa _cBNPHU |
||
| 082 | 4 |
_aBNPHU _bH488v |
|
| 100 | 1 |
_aHemingway, Ernest, _41899-1961 _966157 |
|
| 240 | 1 | 0 |
_aThe old man and the sea _lespañol |
| 245 | 1 | 3 |
_aEl viejo y el mar / _cErnest Hemingway ; traducción Lino Novas Calvo. |
| 260 |
_aBarcelona, España : _bSeix Barral, _c1983. |
||
| 300 |
_a143 p. : _bil. ; _c21 cm. |
||
| 490 | 1 |
_aObras maestras de la literatura contemporánea _v29 |
|
| 700 | 1 |
_aNovas Calvo, Lino, _etr. _911132 |
|
| 830 | 0 |
_aObras maestras de la literatura contemporánea _v29 _966158 |
|
| 942 |
_2ddc _cLBS1 |
||
| 999 |
_c39433 _d39433 |
||